000 00787nam a22002057a 4500
999 _c2794
_d2794
003 AR-CdUCM
008 190305b ||||| |||| 00| 0 spa d
040 _aMUNICIPALIDAD PROVINCIAL DEL CUSCO
_cBIBLIOTECA MUNICIPAL DEL CUSCO
082 _a346.3 /
_bF39
100 _aFerrero, Augusto
_99730
245 _aDerecho de sucesiones :
_bParte general /
260 _aLima :
_bBibliotecas Central.
_c1983.
300 _a134 paginas ;
_c20 cm.
505 _aContenido :Conceptos preliminares -- Apertura de la sucesión --Condiciones para suceder -- Aceptación y renuncia de la herencia y legales -- Acciones petitoria y reivindicatoria ...
650 _aDerecho civil
_95265
650 _aSucesiones
_99731
650 _aDerecho internacional
_95497
942 _2ddc
_cLIBROS
945 _arum